Satellite communications technology /

Bibliographic Details
Main Author: Douglas, Robert L. (Robert Livingston)
Format: Book
Language:English
Published: Englewood Cliffs, N.J. : Prentice Hall, 1988.
Subjects:

MARC

Tag First Indicator Second Indicator Subfields
LEADER 00000cam a2200000 a 4500
001 in00000017757
005 20151007053511.0
008 870724s1988 njua b 00110 eng
010 |a  87021480  
020 |a 0137912862 (pbk.) 
035 |a (OCoLC)16581627 
035 |9 AAB1873AM 
040 |a DLC  |c DLC  |d TXA  |d UtOrBLW 
049 |a TXAM  |c [A12611563] 
050 0 0 |a TK5104  |b .D68 1988 
082 0 |a 621.38/0422  |2 19 
100 1 |a Douglas, Robert L.  |q (Robert Livingston) 
245 1 0 |a Satellite communications technology /  |c Robert L. Douglas. 
264 1 |a Englewood Cliffs, N.J. :  |b Prentice Hall,  |c 1988. 
300 |a xii, 148 pages :  |b illustrations ;  |c 23 cm. 
336 |a text  |b txt  |2 rdacontent 
337 |a unmediated  |b n  |2 rdamedia 
338 |a volume  |b nc  |2 rdacarrier 
504 |a Bibliography: page 143. 
500 |a Includes index. 
650 0 |a Artificial satellites in telecommunication. 
999 |a MARS 
999 f f |s c385ffb1-0833-34fa-ac10-19e4e6424ab7  |i 4c4de949-e0f8-3342-b656-cb792914af23  |t 0 
952 f f |p ric  |a Texas A&M University  |b Rellis Campus  |c Joint Library Facility  |d Remote Storage  |t 0  |e TK5104 .D68 1988  |h Library of Congress classification  |i unmediated -- volume  |m A14812611563 
998 f f |a TK5104 .D68 1988  |t 0  |l Remote Storage